| 000 | 00532nam a22002175a 4500 | ||
|---|---|---|---|
| 001 | 002951 | ||
| 003 | armpunfd | ||
| 005 | 20150623154635.0 | ||
| 008 | 140912s1966####ag############000#0#und#d | ||
| 080 | _a347.734 SA 59 | ||
| 100 | 1 | _aSantillan, Jorge Mario. | |
| 245 | 1 | 0 | _aBancos y Casas de cambio / |
| 260 |
_aBuenos Aires : _bAbeledo- Perrot, _c1966. |
||
| 300 | _a121 P. | ||
| 650 | 7 |
_aBancos _2LEMB |
|
| 650 | 7 |
_aDerecho Cambiario _2LEMB |
|
| 651 | _2LEMB | ||
| 700 | 1 | _a. | |
| 945 |
_acd _d2014-09-12 |
||
| 999 |
_c3304 _d233808 |
||